000 01125cas a2200253 a 4500
001 11504355
003 OSt
005 20250408200054.0
008 791113d19361946enk x w 0 0eng c
020 _a9780406850010
050 0 0 _aKD288 / ELR36
_b.A64
245 0 4 _aThe all England law reports annotated :
_bof cases decided in the House of Lords, the Privy Council, all divisions of the Supreme Court and Courts of special jurisdiction /
_n1936 - VOLUME 1
260 _aLondon :
_bLaw Journal,
_c1936-1946.
300 _axxvi, 970 pages
_c24 cm
500 _aTitle from cover.
650 0 _aLaw reports, digests, etc.
_zGreat Britain.
650 7 _aLaw reports, digests, etc.
_2fast
_0(OCoLC)fst00994106
700 _aRoland Burrows, K.C. (Recorder of Cambridge. Managing Editor of Halsbury's Laws of England, Hailsham Edition)
_eConsulting Editor
700 _aW. J. Williams, B.A., of Lincoln's Inn, Barrister-at-Law
_eGeneral Editor
710 1 _aGreat Britain.
_bParliament.
_bHouse of Lords.
710 1 _aGreat Britain.
_bPrivy Council.
710 1 _aGreat Britain.
_bSupreme Court of Judicature.
942 _2lcc
_cBK
_n0
999 _c1426
_d1426